Normal view
MARC view
- Kieso / Kimmel / Weygandt.
Entry Personal Name
001 - CONTROL NUMBER
- control field: 3536
003 - CONTROL NUMBER IDENTIFIER
- control field: OSt
005 - DATE AND TIME OF LATEST TRANSACTION
- control field: 20200923112154.0
008 - FIXED-LENGTH DATA ELEMENTS
- fixed length control field: 200923|| aca||aabn | a|a d
040 ## - CATALOGING SOURCE
- Original cataloging agency: OSt
- Transcribing agency: OSt
100 ## - HEADING--PERSONAL NAME
- Personal name: Kieso / Kimmel / Weygandt.
670 ## - SOURCE DATA FOUND
- Source citation: Work cat.: (OSt)4731: Kieso / Kimmel / Weygandt., Accounting Principles Solution, 2006
